000
00336nam a2200145Ia 4500
100
_a
Shephard/ Hulley Liang
250
_a
2
942
_c
RB
654
_a
power
245
_a
Power electronics & Motor control
260
_b
Cambride University press
_a
Cambridge
_c
1995
082
_a
621.317
_b
SHE
300
_a
539
546
_a
ENGLISH
999
_c
34878
_d
34878